Southville International School and Colleges
Your cart is empty.
  • Cart
  • Lists
    Public lists Eva Luna New books Lux_list list_1
    Your lists Log in to create your own lists
  • Log in to your account
  • Your cookies
  • Search history
Southville International School and Colleges
  • Advanced search
  • Recent comments
  • Most popular
  • Libraries

Log in to your account

Log in with GOOGLE


If you do not have an external account, but do have a local account, you can still log in:

  1. Home
  2. MARC view: A labour of love/
Normal view MARC view ISBD view

A labour of love/ (Record no. 362932)

[ view plain ]
MARC details
000 -LEADER
fixed length control field 00519nam a2200181Ia 4500
008 - FIXED-LENGTH DATA ELEMENTS--GENERAL INFORMATION
fixed length control field 200115s9999 xx 000 0 und d
100 ## - MAIN ENTRY--PERSONAL NAME
Personal name Ching, Lam Lye
245 #2 - TITLE STATEMENT
Title A labour of love/
245 ## - TITLE STATEMENT
Statement of responsibility, etc Lam Lye Ching
260 ## - PUBLICATION, DISTRIBUTION, ETC. (IMPRINT)
Name of publisher, distributor, etc Reader's Digest Asia
260 ## - PUBLICATION, DISTRIBUTION, ETC. (IMPRINT)
Date of publication, distribution, etc 2019
300 ## - PHYSICAL DESCRIPTION
Extent Pages 24-27, September 2019
440 ## - SERIES STATEMENT/ADDED ENTRY--TITLE
Title Asia Reader's Digest: My Coma Miracle Cyclist's Triumph after horror accident
Volume number/sequential designation 116:679
650 ## - SUBJECT ADDED ENTRY--TOPICAL TERM
Topical term or geographic name as entry element dementia
650 ## - SUBJECT ADDED ENTRY--TOPICAL TERM
Topical term or geographic name as entry element family
650 ## - SUBJECT ADDED ENTRY--TOPICAL TERM
Topical term or geographic name as entry element mental health
650 ## - SUBJECT ADDED ENTRY--TOPICAL TERM
Topical term or geographic name as entry element mental illness
Holdings
Withdrawn status Lost status Damaged status Home library Current library Date acquired Total Checkouts Date last seen Price effective from Koha item type
          01/15/2020   01/15/2020 01/15/2020 Periodicals

A labour of love/

APA

Ching L. L., .A labour of love. : Reader's Digest Asia.

Chicago

Ching Lam Lye, .A labour of love. : Reader's Digest Asia.

Harvard

Ching L. L., .A labour of love. : Reader's Digest Asia.

MLA

Ching Lam Lye, .: Reader's Digest Asia. .

  • Place hold
  • Print
  • Cite
  • Add to your cart (remove)
  • Save record
    BIBTEX Dublin Core MARCXML MARC (non-Unicode/MARC-8) MARC (Unicode/UTF-8) MARC (Unicode/UTF-8, Standard) MODS (XML) RIS
  • More searches
    Search for this title in:
    Other Libraries (WorldCat) Other Databases (Google Scholar) Online Stores (Bookfinder.com) Open Library (openlibrary.org)

Exporting to Dublin Core...

SOUTHVILLE LIBRARY

Southville International School and Colleges Library

1281 Tropical Ave. Cor. Luxembourg St., BF Homes International, Las Pinas City

Tel. No. 8256374 / 252358 Loc. 117/146

Powered by Koha